Milwaukee Brewers 2025 Roster - Statistics

General Stats
  • This quiz has been taken 102 times
  • The average score is 22 of 37
Answer Stats
Jersey # Pos Player % Correct
22 LF Christian Yelich
97%
2 2B Brice Turang
95%
11 CF Jackson Chourio
95%
10 RF Sal Frelick
93%
3 SS Joey Ortiz
92%
24 C William Contreras
90%
28 1B Andrew Vaughn
87%
45 BP Abner Uribe
85%
21 3B Caleb Durbin
85%
51 P Freddy Peralta
85%
29 BP Trevor Megill
77%
14 SS Andruw Monasterio
75%
53 P Brandon Woodruff
75%
6 LF Isaac Collins
75%
12 1B Rhys Hoskins
74%
16 CF Blake Perkins
72%
32 P Jacob Misiorowski
70%
9 LF Jake Bauers
69%
62 P Jose Quintana
66%
46 P Quinn Priester
62%
26 BP Aaron Ashby
61%
33 C Danny Jansen
61%
5 CF Garrett Mitchell
59%
47 BP Jared Koenig
49%
18 2B Anthony Seigler
44%
25 BP Nick Mears
43%
36 BP Tobias Myers
41%
56 BP Grant Anderson
31%
00 BP Carlos Rodriguez
30%
37 BP DL Hall
28%
31 BP Joel Payamps
26%
43 P Logan Henderson
23%
55 BP Shelby Miller
23%
58 BP Rob Zastryzny
20%
48 BP Craig Yoho
15%
59 P Erick Fedde
13%
57 BP Connor Thomas
7%
No matching quizzes found
Score Distribution
Percent of People with Each Score
Percentile by Number Answered
Your Score History
You have not taken this quiz